History Quiz

Random History or Clickable Quiz

Presidential Surnames as Popular First Names Quiz Stats

Quiz Updated Jan 20, 2017

Challenge
Share
Tweet
Embed
Score 0/25 Timer 05:00
1 Play Today
% Correct
Carter
97.6%
Jackson
97.5%
Taylor
97.1%
Grant
97%
Arthur
96.8%
Tyler
96.8%
Madison
96.6%
Harrison
96.4%
Wilson
94.5%
Jefferson
92.9%
Lincoln
92.4%
Kennedy
90.4%
Pierce
87.7%
% Correct
Monroe
84.4%
Clinton
83.9%
Reagan
79.9%
Truman
77.5%
Johnson
76.9%
Ford
76.2%
Garfield
73.7%
Cleveland
73.4%
Hayes
67.4%
McKinley
49.9%
Roosevelt
48.6%
Nixon
28.5%

You're not logged in!

Compare scores with friends on all Sporcle quizzes.
Sign Up with Email
OR
Log In

You Might Also Like...

Show Comments

Extras

Top Quizzes Today


Score Distribution

Your Account Isn't Verified!

In order to create a playlist on Sporcle, you need to verify the email address you used during registration. Go to your Sporcle Settings to finish the process.